000 00804nam a2200241Ia 4500
003 OSt
005 20220923212942.0
006 a|||||r|||| 00| 0
007 ta
008 220922b |||||||| |||| 00| 0 hin d
024 _a157,324
037 _cTextual
040 _aARTS
_cARTS
_bhin
041 _2hin
_ahin
082 _aO152:g(R), L8-;1
100 _aभगत, रा0 तु0
245 0 _aहिन्दी साहित्य का दार्शनिक परिपार्श्व
246 _aHindī sāhitya kā dārshanik paripārshva
260 _aकोल्हापुर
_b अजब पुस्तकालय
_c1978
300 _a179 पृ.
_ccm.
942 _hO152:g(R), L8-;1
_cTEXL
_2CC
999 _c312541
_d312541